000 00616nam a22002052 4500
001 0000018717
005 20151217161146.0
008 100609s xx 000 0 eng d
020 _a0877790426 :
040 _aKABU
_cKABU
245 1 0 _aMerriam-Webster's encyclopedia of literature.
250 _a1st ed.
260 _aSpringfield,Massachusetts :
_bMerriam-Webster,
_c1995.
300 _axii, 1236 p.
650 0 _aLiterature
_vDictionaries.
_@0000178048
710 2 _aMerriam-Webster.
_@0000178049
852 1 _9p5760 KES
908 _a100609
950 _@1
999 _c15163
_d15163